Premier League 24/25 Table - Whammies - Statistics

General Stats
  • This quiz has been taken 118 times
  • The average score is 11 of 20
Answer Stats
Position Answer % Correct
Liverpool
100%
Arsenal
98%
Manchester City
95%
Chelsea
90%
Newcastle United
79%
Aston Villa
73%
Nottingham Forest
69%
17° Tottenham Hotspur
58%
20° Southampton
54%
Brighton & Hove Albion
53%
19° Ipswich Town
53%
18° Leicester City
51%
15° Manchester United
46%
16° Wolverhampton Wanderers
35%
12° Crystal Palace
33%
Bournemouth
31%
10° Brentford
30%
14° West Ham United
30%
13° Everton
29%
11° Fulham
29%
No matching quizzes found
Score Distribution
Percent of People with Each Score
Percentile by Number Answered
Your Score History
You have not taken this quiz